| 000 | 00739nam a2200217 a 4500 | ||
|---|---|---|---|
| 001 | 000025067 | ||
| 005 | 20200930023537.0 | ||
| 008 | 110201s1956 mx r 000 j spa d | ||
| 040 |
_aDO-SdBNP _bspa _cBNPHU |
||
| 082 |
_aVe863.4 _bB533l |
||
| 100 | 1 |
_aBerroeta, Pedro, _d1914- _923368 |
|
| 245 | 1 | 3 |
_aLa leyenda del conde Luna / _cPedro Berroeta. |
| 260 |
_aMéxico, D. F. : _bAguilar, _c1956. |
||
| 300 |
_a204 p. ; _c20 cm. |
||
| 490 | 1 | _aLiteraria : Novelistas, Dramaturgos, Ensayistas, Poetas. | |
| 586 | _aPremio de la Camara Venezolana de Libro, 1955 | ||
| 650 | 4 |
_aCuento venezolano _924473 |
|
| 650 | 4 |
_aLiteratura venezolana _93816 |
|
| 830 | 0 |
_aLiteraria : Novelistas, Dramaturgos, Ensayistas, Poetas. _928277 |
|
| 049 | _aBNGR | ||
| 999 |
_c24560 _d24560 |
||